Science Quiz

Random Science or Math Quiz

Really Tough Math Challenge Quiz Stats

 Plays Quiz Updated Dec 22, 2016

Score 0/16 Timer 20:00
3 Plays Today
Clue Answer % Correct
- 1 + 27127
98.9%
7 + 36736
85.5%
(2 + 18)72,187
80.7%
(3 + 1 * 2)53,125
76.7%
(64 - 5) * 56,455
71.6%
1 * 1 * 66 / 411,664
65.2%
- 1 + 56 + 3 * 315,633
64.6%
1 * (9 - 6)8 * 319,683
63.5%
Clue Answer % Correct
((3 * 9)3 + 8) * 239,382
59.3%
63 * (-9 + 45)63,945
59%
(-1 + 3)10+7 - 1131,071
56.4%
((3 + 2) * 51)2 * 5325,125
54.8%
98-4 * 150984,150
54.6%
59 + (2 * 7 * 6)3592,763
53%
-268 + 4(3*5 - 17) - 9268,435,179
48.4%
(2((22-2)/2)22+2-2-2) / (2+2/2)222,222,222,222,222
40.8%

You're not logged in!

Compare scores with friends on all Sporcle quizzes.
OR
Log In

You Might Also Like...

Show Comments

Extras

Top Quizzes Today


Score Distribution

Your Account Isn't Verified!

In order to create a playlist on Sporcle, you need to verify the email address you used during registration. Go to your Sporcle Settings to finish the process.

Report this User

Report this user for behavior that violates our Community Guidelines.

Details: